000 00648nam a2200205Ia 4500
003 GCL
008 140319s9999 xx 000 0 ara d
020 _a3143245977
040 _aGCL /
_cGCL
082 0 4 _a005.3
_bس ت
100 1 _aسعيد الطوخى
245 1 0 _aتعلم واحترف WINDOWS 98 - WINDOWS MILLENNIUM /
_cسعيد الطوخى
260 _aالقاهرة :
_bدار نهضة الشرق ،
_c2001
300 _a159 ص ؛
_c24 سم
650 0 4 _aالبرمجة
650 0 4 _aالحاسبات الالكترونية - برامج
650 0 4 _aويندوز 98
650 0 4 _aويندوز ملينيوم
942 _2ddc
_cBK
999 _c6256
_d6256